Doctors Plague : (Record no. 608470)

MARC details
000 -LEADER
fixed length control field 00482nam a2200181 a 4500
008 - FIXED-LENGTH DATA ELEMENTS--GENERAL INFORMATION
fixed length control field 260117s2004##################000#0#eng##
020 ## - INTERNATIONAL STANDARD BOOK NUMBER
ISBN 9780393326253
082 04 - DEWEY DECIMAL CLASSIFICATION NUMBER
Classification number 618.740092
Item number NUL
100 1# - MAIN ENTRY--AUTHOR NAME
Personal name Nuland, Sherwin B,
245 10 - TITLE STATEMENT
Title Doctors Plague :
260 ## - PUBLICATION, DISTRIBUTION, ETC. (IMPRINT)
Name of publisher National Geographic Books,
Year of publication 2004.
650 #0 - SUBJECT ADDED ENTRY--TOPICAL TERM
Topical Term Health & Fitness.
942 ## - ADDED ENTRY ELEMENTS (KOHA)
Koha item type English Books
Holdings
Withdrawn status Lost status Damaged status Not for loan Home library Current library Shelving location Date acquired Full call number Accession Number Price effective from Koha item type
        Anna Centenary Library Anna Centenary Library 5TH FLOOR, B WING 17.01.2026 618.740092 NUL 346075 17.01.2026 English Books

Find us on the map